[Event "Mecklenburg VP-ch U12"]
[Site "Malchow"]
[Date "2010.02.??"]
[Round "2.8"]
[White "Altenstein, Benjamin"]
[Black "Schmidt, Alexander"]
[Result "1-0"]
[WhiteElo "929"]
[BlackElo "1019"]
[PlyCount "74"]
[EventDate "2010.02.10"]
[EventType "swiss"]
[EventRounds "7"]
[EventCountry "GER"]
[SourceTitle "EXT 2022"]
[Source "ChessBase"]
[SourceDate "2021.10.06"]
[SourceVersion "1"]
[SourceVersionDate "2021.10.06"]
[SourceQuality "1"]

1. e4 e5 2. Nf3 Nc6 3. d4 exd4 4. Nxd4 Nf6 5. Nxc6 bxc6 6. Nc3 Bc5 7. Bd3 d6 8. 0-0 0-0 9. Bg5 h6 10. Bh4 Be6 11. Kh1 Kh8 12. f4 Bd4 13. Qe1 Qe8 14. Bxf6 Bxf6 15. e5 dxe5 16. fxe5 Be7 17. Ne4 Rg8 18. Ng3 g6 19. Ne4 Rg7 20. Qe3 Rh7 21. Nf6 Bxf6 22. Rxf6 Qe7 23. Raf1 Rb8 24. b3 Rb4 25. R1f4 Rxf4 26. Rxf4 Qg5 27. Rf3 Qxe3 28. Rxe3 Rg7 29. Ba6 Rg8 30. Rc3 Rd8 31. h3 Rd2 32. Rxc6 Bd5 33. Rxc7 Rxg2 34. Rc5 Rxc2+ 35. Rxd5 Rxa2 36. Bc4 Kg7 37. Rd7 Kf8 1-0

[Event "Mecklenburg VP-ch U12"]
[Site "Malchow"]
[Date "2009.02.07"]
[Round "3.7"]
[White "Altenstein, Benjamin"]
[Black "Eulitz, Michael"]
[Result "1-0"]
[WhiteElo "895"]
[BlackElo "977"]
[PlyCount "125"]
[EventDate "2009.02.07"]
[EventType "swiss"]
[EventRounds "7"]
[EventCountry "GER"]
[SourceTitle "EXT 2022"]
[Source "ChessBase"]
[SourceDate "2021.10.06"]
[SourceVersion "1"]
[SourceVersionDate "2021.10.06"]
[SourceQuality "1"]

1. e4 c5 2. Nf3 d6 3. Nc3 Nf6 4. Bc4 g6 5. d3 Bg7 6. Bg5 0-0 7. Be3 Nbd7 8. 0-0 Qc7 9. Qd2 Ng4 10. Bf4 Nde5 11. Nxe5 Nxe5 12. h3 Nxc4 13. dxc4 Be6 14. b3 Qa5 15. Nb5 Qxd2 16. Bxd2 Bxa1 17. Rxa1 a6 18. Nc7 Rac8 19. Nxe6 fxe6 20. Bh6 Rfd8 21. Bg5 d5 22. exd5 exd5 23. cxd5 Rxd5 24. Bxe7 Rd2 25. c4 b5 26. cxb5 axb5 27. a4 c4 28. bxc4 bxc4 29. Bg5 Rd3 30. a5 Rcd8 31. Bxd8 Rxd8 32. a6 Ra8 33. Kf1 c3 34. Ke1 Rd8 35. Rd1 Rc8 36. Ke2 c2 37. Rc1 Ra8 38. Ra1 Rxa6 39. Rc1 Ra2 40. Kd2 Kg7 41. Rxc2 Rxc2+ 42. Kxc2 Kf6 43. Kd3 Kf5 44. Ke3 Ke5 45. f4+ Kf5 46. g4+ Kf6 47. h4 Kg7 48. Ke4 Kf6 49. f5 h6 50. h5 gxh5 51. gxh5 Kg5 52. Ke5 Kxh5 53. f6 Kg6 54. Ke6 Kg5 55. f7 h5 56. f8Q h4 57. Ke5 Kg4 58. Qf4+ Kh3 59. Qg5 Kh2 60. Kf4 h3 61. Kf3 Kh1 62. Kf2 Kh2 63. Qg1# 1-0